00564nam a2200145Ia 4500008004100000100003100041245008800072245004800160260005900208650001800267650001500285856002600300999001900326952007300345170221s9999 xx 000 0 und d aSeçil Deren Van Het Hof. aInstrumental, Strategic and Political Conception of Corporate Social Responsibility cSeçil Deren Van Het Hof , Sibel Hoştut. bOnline Journal of Communication and Media Technologies xCommunication xMedia Arts uhttp://www.ojcmt.net/ c312420d312420 001040aCLbCLd2017-02-21l0r2017-02-21 00:00:00w2017-02-21yFOJ